000 00426nam a2200181Ia 4500
005 20240823005448.0
008 240823s9999||||xx |||||||||||||| ||und||
041 _aENGLISH
082 _A604.2 N7
100 _aNarayana K L [etal]
245 0 _aProduction Drawing
250 _a1st
260 _c1997
_b"New Age,New Delhi"
500 _aTransfered
650 _aProduction
_bMechanical
942 _cBK
999 _c155787
_d155787